000 00523nam a22001697a 4500
005 20130726115954.0
010 _aENG-108153
020 _a9788170589334
_c70.00
035 _aEN-91686
037 _bDBAD/PUB
100 _aGupta, Nolini Kanta
245 _aThe mother abides :
_bfinal reflections 1973-1983 /
_cby Nolini Kanta Gupta
260 _aPondicherry
_bSri Aurobindo Ashram
_c2012
270 _bPondicherry
_e605002
_aSri Aurobindo Ashram Publication Department
300 _a118p.
_c20cm(pbk)
942 _2ddc
_cEN
_mGUP
999 _c78078
_d78078